Kona International Airport Destinations (Kalaoa, HI, USA) - Statistics

General Stats
  • This quiz has been taken 87 times
    26 since last reset
  • The average score is 17 of 20
Answer Stats
Airline Destination % Correct
Hawaiian Airlines/Southwest Airlines Honolulu
100%
Alaska Airlines/American Airlines/Delta Air Lines/Southwest Airlines/United Airlines Los Angeles
100%
American Airlines Phoenix (Sky Harbor)
100%
Alaska Airlines Portland (OR)
100%
Alaska Airlines/Delta Air Lines Seattle/Tacoma
100%
United Airlines Denver
96%
Alaska Airlines San Diego
96%
Alaska Airlines/United Airlines San Francisco
96%
Air Canada/WestJet Vancouver
96%
Alaska Airlines Anchorage
91%
American Airlines Dallas/Fort Worth
91%
Southwest Airlines Las Vegas
91%
United Airlines Chicago (O'Hare)
87%
Delta Air Lines Salt Lake City
83%
Alaska Airlines/Southwest Airlines San Jose (CA)
78%
WestJet Calgary
74%
Hawaiian Airlines/Mokulele Airlines/Southwest Airlines Kahului
70%
Hawaiian Airlines/Southwest Airlines Sacramento
70%
Hawaiian Airlines Lihue
65%
Mokulele Airlines Waimea
22%
No matching quizzes found
Score Distribution
Percent of People with Each Score
Percentile by Number Answered
Your Score History
You have not taken this quiz since the last reset